[Event "Novgorod"]
[Site "Novgorod"]
[Date "1994.??.??"]
[Round "5"]
[White "Short, Nigel D"]
[Black "Kasparov, Garry"]
[Result "0-1"]
[WhiteElo "2665"]
[BlackElo "2805"]
[Annotator "Boensch,U"]
[PlyCount "80"]
[EventDate "1994.08.??"]
[EventType "tourn"]
[EventRounds "10"]
[EventCountry "RUS"]
[EventCategory "19"]
[SourceTitle "CBM 043"]
[Source "ChessBase"]
[SourceDate "1994.12.01"]
[SourceVersion "1"]
[SourceVersionDate "1994.12.01"]
[SourceQuality "1"]

1. e4 c5 2. Nf3 d6 3. d4 cxd4 4. Nxd4 Nf6 5. Nc3 a6 6. Be2 e5 7. Nb3 Be7 8. O-O
O-O 9. Kh1 b5 (9... Nc6 $6) (9... Nbd7 $5) (9... Be6) 10. Nd5 Nxd5 11. Qxd5 Ra7
12. Be3 Be6 13. Qd1 Rb7 $146 (13... Rd7 14. a4 bxa4 (14... b4 15. f4 exf4 16.
Bxf4 Qc8 17. Nd4 Bc4 18. Nf5 $16 {Zvara,P-Schumi,M Prague Bohemians (04) 1991
1-0 40}) 15. Rxa4 Bg5 16. Bxg5 Qxg5 17. Qc1 Qxc1 18. Nxc1 $10 {Wahls,M-Arnason,
J Groningen 1990 1/2 22}) 14. Rc1 $5 (14. a4 $5) 14... Nc6 15. c4 Na5 $1 16.
Nxa5 Qxa5 17. cxb5 axb5 18. a3 Qa8 19. Bd3 (19. f4 $5 $10) 19... Rd8 20. f3 h6
21. Rf2 Bg5 $10 22. Bxg5 hxg5 23. Rd2 (23. Qd2 f6 24. Qb4 Qa4 $15) 23... Qa5
24. h3 g6 25. Kh2 (25. Bf1 Bb3 26. Qe1 Kg7 $15) 25... d5 26. b4 (26. exd5 Rxd5
27. Qe2 Rbd7 $15) 26... Qxa3 27. exd5 Bd7 (27... Rxd5 $2 28. Be4 Rxd2 29. Qxd2
$132) 28. d6 $2 (28. Rb1 $10) 28... Qxb4 $17 29. Be4 Rb6 30. Rc7 Kg7 31. Rd3
Be6 $1 32. d7 (32. Qa1 Kf6 33. d7 Rd6 $19) 32... Qe7 33. Bc6 b4 34. Qa1 Bf5 35.
Rd5 b3 36. Bb5 (36. Rxe5 Qd6 (36... b2 $2 37. Qxb2) 37. Rc8 b2 $19) 36... Qf6
37. Qc3 e4 $1 $19 38. Qxb3 (38. Qxf6+ Kxf6 39. Rc6+ (39. Rc8 b2 40. Rxd8 b1=Q
41. Re8 Bxd7 $19) 39... Rxc6 40. Bxc6 exf3 41. Rd2 fxg2 $19) 38... Be6 39. Rc8
Rxd7 40. Qa3 Rxd5 (40... Rxd5 41. Qf8+ Kh7 42. Qg8+ Kh6 $19) 0-1

[Event "Novgorod"]
[Site "Novgorod"]
[Date "1994.??.??"]
[Round "7"]
[White "Kasparov, Garry"]
[Black "Bareev, Evgeny"]
[Result "1-0"]
[WhiteElo "2805"]
[BlackElo "2675"]
[Annotator "Kharitonov,A"]
[PlyCount "69"]
[EventDate "1994.08.??"]
[EventType "tourn"]
[EventRounds "10"]
[EventCountry "RUS"]
[EventCategory "19"]
[SourceTitle "CBM 043"]
[Source "ChessBase"]
[SourceDate "1994.12.01"]
[SourceVersion "1"]
[SourceVersionDate "1994.12.01"]
[SourceQuality "1"]

1. d4 {Hertneck} d5 2. c4 c6 3. Nf3 Nf6 4. Nc3 dxc4 5. a4 Bf5 6. e3 e6 7. Bxc4
Bb4 8. O-O Nbd7 9. Qe2 Bg4 10. h3 Bxf3 11. Qxf3 O-O 12. Rd1 Qa5 (12... Rc8 $142
$1 13. Ne4 (13. Bd2 Qa5 14. Bf1 e5 15. Be1 Rfe8 16. dxe5 Nxe5 17. Qf5 Rcd8 18.
Qc2 Rxd1 19. Rxd1 Rd8 20. Rxd8+ Qxd8 $10) (13. e4 e5 14. dxe5 Nxe5 15. Qe2 Qe7
16. Bb3 Ng6 17. f3 $6 Bd6 $17 {Beliavsky}) 13... Nxe4 14. Qxe4 Qa5 15. Qc2 Nb6
16. Bd3 g6 17. e4 Rfd8 18. Be2 $10 {Beliavsky,A-Ivanchuk,V/ Munich/ 1994/1/2-1/
2/ 62}) 13. e4 (13. Bf1 Rfd8 14. g4 $6 (14. Ne4 $5) (14. Bd2 $5) 14... Rac8 15.
Bg2 Nd5 16. Ne4 e5 $15 {Beliavsky,A-Ivanchuk,V/ Linares/ 1994/0:1/ 38}) 13...
e5 14. d5 Nb6 $6 (14... Bxc3 $5 15. bxc3 (15. dxc6 Nb6) 15... cxd5 16. Bxd5 (
16. exd5 Rac8) 16... Nxd5 17. Rxd5 Qc7 18. Ba3 Rfe8 19. Rad1 Nf6 20. Rc5 $14 {
Yusupov,A-Velikov,P/Sofia/1981/1:0 (57)}) (14... Rad8 $5 {Hertneck}) 15. Bb3
Bxc3 (15... cxd5 16. Nxd5 $5 Nbxd5 17. Bxd5 Nxd5 18. Rxd5 Qc7 19. Bg5 $5) 16.
bxc3 cxd5 17. exd5 Rac8 18. c4 $5 Rfe8 $6 (18... Nxc4 19. Bg5 (19. d6 $2 Nxd6
20. Rxd6 Qe1+ 21. Kh2 Rxc1 22. Rxc1 Qxc1 $15) 19... Nd7 (19... Qa6 {Hertneck}
20. Bxc4 Rxc4 21. d6 Nd7 22. Be7 $13) 20. d6 $36) 19. Bd2 Qa6 20. d6 $1 Nbd7 (
20... Nxc4 21. Bg5 Nd7 22. Rac1 $16) 21. Be3 (21. Bb4 {Hertneck} Qb6 22. Ba3 e4
23. Qe3 Qxe3 24. fxe3 $16) 21... Rc6 22. a5 $1 Rxd6 23. Ba4 Rxd1+ 24. Rxd1 Rd8
(24... Re7 25. Bc5 $1 (25. Bb5 {Hertneck} Qxa5 26. Qxb7) 25... Nxc5 26. Rd8+
Ne8 27. Bxe8 $18) (24... Qe6 25. Qxb7 $18) (24... e4 25. Qf5 g6 (25... Re5 26.
Qxe5 $18) 26. Qb5 Qxb5 27. Bxb5 Re7 28. Bxa7 $16) 25. c5 h6 (25... Qxa5 26.
Bxd7 Rxd7 27. Rxd7 Nxd7 28. Qxb7 Nf8 29. c6 $18) 26. Qf5 (26. c6 $2 {Hertneck}
Qxa5) 26... g6 (26... Qe6 27. Qxe6 fxe6 28. a6 bxa6 29. c6 $18) 27. Qc2 Qxa5 (
27... Qe6 28. Rd6 Qf5 29. Qxf5 gxf5 30. a6 bxa6 31. c6 $18) 28. Rd6 $18 Kg7 29.
Qd1 Qc7 (29... Nxc5 {Hertneck} 30. Bxc5 Rxd6 31. Qxd6 $18) 30. h4 Kh8 (30... h5
31. Bg5 $18) 31. h5 (31. Bxh6 Qxc5 32. Rxf6 $18) (31. g4 $18 {Hertneck}) 31...
g5 (31... gxh5 32. Bxh6 Ng4 33. Be3 Nxe3 34. Qxh5+ Kg8 35. Bb3 Nxc5 36. Qg5+
$18) 32. Qf3 Kg7 33. Qf5 $22 b6 34. Bxd7 Nxd7 35. Bxg5 $1 (35. Bxg5 hxg5 36.
Qxg5+ Kf8 37. h6 bxc5 38. h7 $18) 1-0

[Event "Horgen CS"]
[Site "Horgen"]
[Date "1994.??.??"]
[Round "1"]
[White "Kasparov, Garry"]
[Black "Leko, Peter"]
[Result "1-0"]
[WhiteElo "2805"]
[BlackElo "2555"]
[Annotator "Ribli,Z"]
[PlyCount "89"]
[EventDate "1994.09.??"]
[EventType "tourn"]
[EventRounds "11"]
[EventCountry "SUI"]
[EventCategory "16"]
[SourceTitle "CBM 043"]
[Source "ChessBase"]
[SourceDate "1994.12.01"]
[SourceVersion "1"]
[SourceVersionDate "1994.12.01"]
[SourceQuality "1"]

1. c4 c5 2. Nf3 Nf6 3. Nc3 Nc6 4. g3 g6 5. Bg2 Bg7 6. d4 cxd4 7. Nxd4 O-O 8.
Nc2 $5 d6 9. O-O Be6 (9... Nd7 10. Bd2 Nc5 11. b3 a5 12. Ne3 Bd7 13. Rb1 Nd4
14. a3 Bc6 15. b4 $14 {Shcekachev,A-Hjartarson,J/Reykjavik op/1994/EXP39/}) 10.
b3 Qd7 11. Bb2 $1 (11. Re1 Bh3 12. Bh1 Ng4 13. Bd2 Qf5 $13 {Phominyh,
A-Ovseevich,S/Alushta1/1994/CBM40/}) 11... Bh3 12. Ne3 Bxg2 13. Kxg2 Ne4 $6 (
13... e6 14. Qd2 Rfd8 15. Rad1 a6 16. Qc1 b6 17. Qa1 Qb7 18. Kg1 $14 {
Mastrokoukos,G-Kotronias,V/Komotini/1992/INF55,(53)/}) 14. Qc2 Nxc3 15. Bxc3
Bxc3 16. Qxc3 Qe6 17. Nd5 $14 Rac8 18. Rad1 Rfe8 19. Rfe1 Qe5 20. Qd2 Qg7 (
20... e6 $6 21. Ne3 Rcd8 22. Ng4 Qg7 23. Qg5 $16) 21. e4 Ne5 (21... e6 $6 22.
Nc3 Rcd8 23. Nb5 $16) 22. Qe3 Rc5 (22... a6 23. Qb6 $16) 23. f4 Ng4 (23... Nd7
24. e5 $1 dxe5 25. Nc3 Rc7 26. Nb5 $18) 24. Qf3 h5 25. h3 Nf6 26. Nc3 b6 (26...
Nd7 27. e5 $16) 27. e5 dxe5 28. fxe5 Nh7 29. Qe3 Nf8 30. Nd5 Ne6 31. a4 Kh7 32.
Re2 Kg8 33. h4 Rcc8 34. Rf1 Nc7 35. Nf4 $1 Red8 (35... Ne6 $5 $16) 36. e6 $1 f6
(36... f5 37. Rd2 $16) 37. Qe4 f5 38. Qb7 Ne8 39. Qxa7 Rd6 40. Qb7 Rcd8 41. Nd5
Nf6 (41... Kf8 42. Nxb6 $18) 42. Qxe7 $1 Nxd5 43. Qxg7+ Kxg7 44. cxd5 Rxd5 45.
Rc1 (45. Rc1 Rd2 46. Rc7+ $18) 1-0

[Event "Horgen CS"]
[Site "Horgen"]
[Date "1994.??.??"]
[Round "7"]
[White "Kasparov, Garry"]
[Black "Nikolic, Predrag"]
[Result "1-0"]
[WhiteElo "2805"]
[BlackElo "2655"]
[Annotator "Ftacnik,L"]
[PlyCount "77"]
[EventDate "1994.09.??"]
[EventType "tourn"]
[EventRounds "11"]
[EventCountry "SUI"]
[EventCategory "16"]
[SourceTitle "CBM 043"]
[Source "ChessBase"]
[SourceDate "1994.12.01"]
[SourceVersion "1"]
[SourceVersionDate "1994.12.01"]
[SourceQuality "1"]

1. e4 {Hansen,Cu} e6 2. d4 d5 3. Nc3 Bb4 4. e5 c5 5. a3 Bxc3+ 6. bxc3 Ne7 7.
Qg4 Kf8 8. h4 {Cf. Survey C18: 8...Kf8/Hansen,Cu/ CBM 43} Qc7 $5 (8... Qa5 9.
Bd2 Qa4 10. Kd1 (10. h5 Qxc2 11. h6 gxh6 12. Qh3 Ke8 13. Qxh6 Nbc6 {Huebner,
R-Nikolic,Pr/Munich/1990/1/2-1/2/}) 10... Nbc6 11. Nf3 Bd7 12. h5 h6 13. Qf4
$14 {Vasyukov,Y-Lachti/Helsinki/1956/1-0 (34)}) 9. Qd1 (9. Ne2 cxd4 10. cxd4
Qxc2 11. Bg5 Nbc6 12. Rc1 Qa4 $13) 9... cxd4 10. cxd4 Qc3+ 11. Bd2 Qxd4 12. Nf3
Qe4+ 13. Be2 b6 14. O-O Ba6 15. c4 (15. Bxa6 Nxa6 16. Re1 Qg4 $13) 15... Nbc6 (
15... dxc4 16. Ng5 Qxh4 17. Bf3 c3 (17... Nbc6 18. Bxc6 Rd8 19. Qf3 $16) 18.
Bxa8 cxd2 19. Qxd2 Nd5 20. Rfc1 $16) (15... Bxc4 16. Bxc4 dxc4 17. Ng5 (17. Bb4
Nbc6 18. Qd7 Qd5 19. Bd6 $40) 17... Qd5 18. Qh5 g6 19. Qh6+ Kg8 20. Bb4 Nbc6
21. Rad1 Nf5 $1) 16. Ng5 Qxe5 (16... Qxh4 17. cxd5 Bxe2 18. Qxe2 exd5 19. f4
$13) 17. Re1 Qf6 18. Bh5 g6 (18... Bxc4 19. Nxf7 g6 20. Nxh8 gxh5 21. Qxh5 Kg8
(21... Qxh8 22. Bh6+ Kg8 23. Qg4+ Kf7 24. Qxe6+ Ke8 25. Qxc6+ $18) 22. Bg5 Qxh8
23. Qg4 Nf5 24. Bf6+ Ng7 25. Bxg7 Qxg7 26. Qxe6+ Kh8 27. Qxc6 $18) (18... Ng6 {
Hansen,Cu} 19. cxd5 exd5 20. Rc1 $16) 19. cxd5 exd5 (19... Nxd5 $1 20. Bg4 (20.
Bf3 h6 21. Bxd5 exd5 22. Nf3 $15) (20. Ne4 Qxh4 21. Bh6+ Kg8 22. g3 Qxh5 23.
Qxd5 Qxh6 (23... exd5 $4 24. Nf6#) 24. Qxc6 Rf8 $17) (20. Qa4 Bb7 21. Bg4 Ne5
22. Bxe6 fxe6 23. Qe4 Nf7 24. Nxe6+ Kg8 $17) 20... Ne5 21. Bxe6 fxe6 22. Qa4
Nd3 $17) 20. Bg4 h6 (20... Rd8 21. Be6 (21. Qa4 Bc8 $1) 21... fxe6 22. Rxe6 (
22. Nxe6+ Kf7 23. Bg5 Qxe6 (23... Qf5 24. Bxe7 Nxe7 25. Ng5+ Ke8 26. Qa4+ $16)
24. Rxe6 Kxe6 25. Qg4+ Kf7 26. Re1 Nf5 27. Bxd8 Rxd8 $15) 22... Qf5 23. g4 Qd3
24. Re3 Qc4 25. Rc1 $40) 21. Ne6+ $1 fxe6 (21... Kg8 22. Nc7 $16) 22. Rxe6 Qf7
(22... Qb2 23. Qf3+ Nf5 24. Bc3 $16) 23. Qa4 (23. Rc1 Bc4 $140 24. Rc3 {
Kasparov}) 23... Bc4 (23... Bb7 24. Bc3 (24. Rae1 $40) 24... d4 25. Bxd4 Nxd4
26. Qxd4 Kg8 27. Rf6 Nc6 28. Qd6 (28. Qc3 $18 {Hansen,Cu}) 28... Rd8 29. Be6
Rxd6 30. Bxf7+ Kg7 31. Rxd6 $18) (23... Bc8 24. Rxc6 Bxg4 25. Rc7 Rc8 (25...
Be6 26. Bb4 Re8 27. Qxa7 $40) 26. Rac1 Rxc7 27. Rxc7 Qe6 28. Bb4 Rh7 29. Qxa7
$16) 24. Rxc6 (24. Bc3 {Hansen,Cu} b5 25. Qd1 d4 $17 26. Bxd4) (24. Rae1 {
Hansen,Cu} b5 $13) 24... Nxc6 (24... b5 25. Qb4 $16) 25. Qxc6 Re8 26. Bd7 Kg7 (
26... Re2 27. Qc8+ Kg7 28. Bc3+ $18) (26... Rd8 27. Bb4+ (27. Be6 {Hansen,Cu}
Bb5 $1 28. Qc3 d4 29. Qb3 Qf6 30. Re1 $13 Bd7) 27... Kg7 28. Bc3+ Kh7 29. Be6
$16 (29. Be6 Qe7 30. Bxh8 Rd6 $15)) 27. Bc3+ Kh7 28. h5 (28. Bxh8 {Hansen,Cu}
Rxh8 $15) (28. Bxe8 {Hansen,Cu} Rxe8 $15) 28... Rhf8 (28... gxh5 29. Bf5+ $1
Qxf5 30. Qc7+ $18) (28... Rd8 29. hxg6+ Qxg6 30. Qc7 $18) 29. hxg6+ Qxg6 30.
Bxe8 Qxe8 (30... Rxe8 31. Qd7+ Kg8 32. Rd1 a6 33. Rd4 h5 34. Rf4 $40) 31. Qd6
Qf7 32. Bd4 $1 Re8 33. Rc1 Re4 34. Be5 Rg4 (34... Qf5 35. Qe7+ Kg6 36. Qg7+ Kh5
37. f3 Qxe5 38. Qf7+ Kg5 39. fxe4 $16) (34... Re2 $1) (34... b5 $5 {Hansen,Cu /
\a7-a5} 35. Rc3) 35. Rc3 Rg6 36. Qd8 Rg8 37. Qh4 Rg5 (37... Qe6 38. Re3 $18)
38. f4 Rh5 $2 (38... Rg6 39. f5 (39. g4 $16 {Hansen,Cu} d4 $2 40. Rxc4 $18)
39... Rg8 40. Rh3 $18) (38... Rg8 39. Re3 {/\ Bd4} (39. Rh3 $36 {Hansen,Cu}))
39. Qd8 (39. Qd8 Rxe5 40. fxe5 Qf1+ 41. Kh2 Qf4+ 42. Rg3 $18) 1-0

[Event "Horgen CS"]
[Site "Horgen"]
[Date "1994.??.??"]
[Round "9"]
[White "Kasparov, Garry"]
[Black "Shirov, Alexei"]
[Result "1-0"]
[WhiteElo "2805"]
[BlackElo "2740"]
[Annotator "Horvath,Ta"]
[PlyCount "75"]
[EventDate "1994.09.??"]
[EventType "tourn"]
[EventRounds "11"]
[EventCountry "SUI"]
[EventCategory "16"]
[SourceTitle "CBM 043"]
[Source "ChessBase"]
[SourceDate "1994.12.01"]
[SourceVersion "1"]
[SourceVersionDate "1994.12.01"]
[SourceQuality "1"]

1. e4 {Ftacnik} c5 2. Nf3 e6 3. d4 cxd4 4. Nxd4 Nf6 5. Nc3 Nc6 6. Ndb5 d6 7.
Bf4 e5 8. Bg5 a6 9. Na3 b5 10. Nd5 Be7 11. Bxf6 Bxf6 12. c3 Bb7 (12... O-O 13.
Nc2 Rb8 14. h4 Ne7 15. Nxf6+ gxf6 16. Qd2 $40 {Kasparov,G-Kramnik,V/Novgorod/
1994/1-0/ CBM 43}) 13. Nc2 Nb8 14. a4 bxa4 15. Rxa4 (15. Nce3 {Ftacnik} Nd7 16.
Qxa4 O-O 17. Rd1 (17. Bc4 Bg5 18. O-O Bxe3 19. fxe3 Nc5 20. Qc2 Qh4 21. Bd3 f5
$17 {Hoepfl,T-Ankerst,Mil/Dortmund op/1992/0-1 (32)}) 17... Bg5 18. Qc2 Nc5 19.
Nf5 $1 g6 20. b4 $1 Bxd5 21. Rxd5 Nb7 22. h4 Bf6 23. Nh6+ Kg7 24. Ng4 {Zapata,
A-Shirov,A/Manila/1992/0-1 (47)}) 15... Nd7 (15... O-O $5 16. Nce3 (16. b4 Nd7
17. Nce3 Bg5 $13) 16... Nd7 17. Nc4 (17. Ra3 {Ftacnik} Bg5 18. Nc4 Bxd5 19.
Qxd5 Be7 20. Bd3 Nf6 {0-1/Tatai,S-Iruzubieta,J/Cannes op/0-1 (20)}) 17... Bc6
$1 (17... Bxd5 18. Qxd5 Nb6 19. Nxb6 Qxb6 20. Rb4 Qc5 21. Bc4 $14) 18. Ra2 Nc5
$13) 16. Rb4 $1 Nc5 (16... Bc6 17. Rc4 Rc8 (17... Bxd5 18. Qxd5 Nb6 19. Qc6+
Ke7 20. Rb4 $16) 18. Ncb4 $16) 17. Rxb7 $1 Nxb7 18. b4 Bg5 (18... Qc8 19. Nce3
Bd8 20. Bc4 O-O 21. Qd3 a5 22. O-O Kh8 $14) (18... O-O {Ftacnik} 19. h4 a5 20.
Bc4 $44) 19. Na3 O-O 20. Nc4 a5 21. Bd3 (21. Ncb6 {Ftacnik} Ra7 $13 (21... axb4
22. Nxa8 bxc3 $5 23. Nab6 Bd2+ 24. Ke2 Nc5 25. f3 f5 26. exf5 e4 $40)) 21...
axb4 22. cxb4 Qb8 (22... Rb8 $5 {Ftacnik} 23. h4 Bh6 24. Qg4 Kh8 25. O-O Qc8)
23. h4 Bh6 (23... Bd8 $5 {/\ Bc7,Nd8,Ne6}) (23... Bd8 {Ftacnik} 24. g3 $44) 24.
Ncb6 Ra2 25. O-O (25. Nd7 $6 {Ftacnik} Qa7 26. O-O Ra8 $1) 25... Rd2 (25... Qa7
{Ftacnik} 26. Bc4 Rd2 27. Qf3 Nd8) 26. Qf3 Qa7 (26... Qe8 {Ftacnik} 27. g4 (27.
Ba6 $2 Nd8 28. Nc4 Rd4 29. Nxd6 Qe6 30. Nf5 Qxa6 31. Nxd4 exd4 $19) (27. Nc7
Qe7 28. Nbd5 Qxh4 $17) 27... Bf4 28. Nxf4 exf4 29. Nd5 Nd8 30. Nxf4 $10) 27.
Nd7 Nd8 (27... Rd8 28. Ne7+ Kh8 29. Qxf7 Rxd3 (29... g6 30. Nf6 Bg7 31. Ne8 $18
) 30. Nf8 $18) (27... Qa3 28. Ne7+ Kh8 29. Nxf8 Rxd3 30. Qxf7 Qb3 31. Ne6 $18)
(27... Ra8 {Ftacnik} 28. Bc4 (28. Ne7+ Kh8 29. Qxf7 Rxd3 30. Nf8 Qa2 $1) 28...
Nd8 29. N5b6 $36) (27... Nc5 {Ftacnik} 28. Nxf8 Nxd3 29. Qf5 $1 g6 30. Qd7 Qxd7
(30... Qb8 31. Nxh7 $40) 31. Nxd7 $16) 28. Nxf8 Kxf8 29. b5 Qa3 (29... Ne6 30.
b6 Qa3 31. b7 Qb3 (31... Rb2 32. Bb5 $1 Qa7 33. Qc3 $18) 32. Rb1 Rb2 33. Rxb2
Qxb2 34. Ba6 Nc5 (34... Nd4 35. Qc3 $18) 35. Qf5 $18) 30. Qf5 $1 Ke8 (30...
Rxd3 {Ftacnik} 31. Qd7 g6 (31... Ne6 32. Qc8+) 32. Qxd8+ Kg7 33. b6 $18) (30...
Ne6 {Ftacnik} 31. Qxh7 $18) 31. Bc4 Rc2 (31... Qa4 32. Nc7+ Ke7 33. Qc8 $1 Rc2
34. Bxf7 $1 Nxf7 35. Nd5#) 32. Qxh7 $1 Rxc4 (32... Qc5 {Ftacnik} 33. Bb3 Rb2
34. Qg8+ Kd7 35. Bd1 $18) 33. Qg8+ Kd7 34. Nb6+ Ke7 35. Nxc4 Qc5 (35... Qb4 {
Ftacnik} 36. Nb6 Qxb5 37. Nd5+ Kd7 38. Ra1 $18) 36. Ra1 $1 Qd4 (36... Qxc4 {
Ftacnik} 37. Ra7+ Ke6 38. Qe8+ Kf6 39. Qxd8+ Kg6 40. Qxd6+ f6 41. Qc6 $18) 37.
Ra3 Bc1 38. Ne3 (38. Ne3 {Ftacnik} Bxa3 39. Nf5+ $18) 1-0

[Event "Olympiad-31"]
[Site "Moscow"]
[Date "1994.12.12"]
[Round "11.1"]
[White "Kasparov, Garry"]
[Black "Azmaiparashvili, Zurab"]
[Result "1-0"]
[WhiteElo "2805"]
[BlackElo "2625"]
[Annotator "Speelman,J"]
[PlyCount "99"]
[EventDate "1994.12.01"]
[EventType "team-swiss"]
[EventRounds "14"]
[EventCountry "RUS"]
[SourceTitle "CBM 045"]
[Source "ChessBase"]
[SourceDate "1995.04.01"]
[SourceVersion "1"]
[SourceVersionDate "1995.04.01"]
[SourceQuality "1"]
[WhiteTeam "Russia"]
[BlackTeam "Georgia"]
[WhiteTeamCountry "RUS"]
[BlackTeamCountry "GEO"]

1. d4 {Belov Ribli} d6 2. Nf3 g6 3. c4 Bg7 4. Nc3 e5 5. dxe5 (5. Bg5 $5 {Ribli}
f6 6. Bd2 Nc6 7. d5 Nce7 8. e4 Nh6 9. h4 $14 {Ftacnik,L-Ermenkov,E/Budapest zt/
1993/CBM34/INF57,58/}) 5... dxe5 6. Qxd8+ Kxd8 7. Bd2 (7. Bg5+ {Ribli} f6 8.
O-O-O+ (8. Rd1+ {Belov} Ke8 9. Bc1 Be6 10. e4 c6 11. b3 Bf8 12. a3 a5 13. h3
Nh6 14. Be2 Nf7 $15 {Sokolov,I-Ehlvest,J/Reggio Emilia/1988/0:1/52/}) 8... Nd7
9. Bd2 Nh6 10. Rg1 c6 (10... Nf7 11. g4 Nd6 12. b3 $14 {Schmidt,W-Matulovic,M/
Nis 1977/}) 11. g4 Nf7 12. Ne4 $14 {Lechtynsky,J-Rolletschek,H/Linz/1993/EXP36/
}) 7... f6 (7... Be6 8. O-O-O Kc8 9. e3 (9. Ng5 $5 {Ribli} Bxc4 10. b3 Be6 11.
Nxe6 fxe6 12. g3 $44) 9... h6 $1 (9... f6 10. Rg1 {/\ g4, Ne4+/-} (10. Rg1 {
Belov} Ne7 11. g4 $14)) 10. Rg1 (10. Ne4 $5) 10... Nd7 11. g4 (11. Ne4 Ngf6 $13
{Nalbandian,T-Rogers,I/Biel izt/1993/CBM37/INF58,67/}) 11... a5 {/\ Nc5=/+} 12.
Ne4 $8 Ngf6 13. Nxf6 Nxf6 $1 14. Nxe5 $8 (14. Bc3 Bxg4 $1 15. Be2 Bxf3 16. Bxf3
Re8 $15) 14... Ne4 15. Nd3 Rd8 $1 {Nalbandian-Rogers Biel 1993} (15... Bxc4 16.
Nc5 $1 Bxf1 17. Nxe4 Be2 18. Rde1 Bf3 19. Bc3 Bxc3 20. Nxc3 $10)) 8. O-O-O Ke8
(8... Nd7 9. g4 $1 c6 10. Ne4 Kc7 11. Bb4 Bf8 12. Nd6 a5 13. Ba3 Nh6 14. Bh3 g5
15. c5 Bxd6 16. cxd6+ Kd8 17. Nd2 b5 18. b3 b4 19. Bb2 {
Groszpeter-Chilingirova Katerini 1994.}) 9. h3 (9. Nb5 {Ribli} Na6 10. Bc3 Ne7
11. e3 Nc6 12. a3 $14) 9... Be6 10. b3 Na6 (10... c6 {Belov} 11. g4 Na6 12. Ne4
Bf8 13. Bc3 $14) (10... h5 $5 {Belov} 11. Rg1 Na6 12. g4 hxg4 13. hxg4 Ne7 $14)
11. g4 $1 {An important strategical move in these positions as White attempts
to prevent the ...f5 break and at the same time secures the e4 square for his
knights.} Rd8 (11... Ne7 {Belov} 12. Bg2 c6 13. Ne4 Nc8 14. Bc3 $16) 12. Bg2
Ne7 13. Be3 Nc8 (13... Nc6 {Ribli} 14. Nb5 $14) (13... Kf7 $5 {Belov} 14. Nb5
Nc6 $14) 14. Nb5 $1 Rxd1+ (14... Kf7 $5 {Belov} 15. Nxa7 Nxa7 16. Bxa7 b6 17.
Rxd8 Rxd8 18. Rd1 Rxd1+ 19. Kxd1 Ke7 $44) 15. Rxd1 Ke7 (15... b6 {Ribli} 16.
Ne1 {/\ Bb7}) 16. Nxe5 c6 (16... fxe5 17. Bxb7 Nb8 (17... Nb4 18. Bc5+ $18) 18.
Bc5+ (18. Nxc7 $16 {Ribli}) 18... Kf7 19. Nxc7 $44 Bf5) 17. Nxc6+ bxc6 18. Bxc6
$16 {White has three pawns and the knight on a6 is out of action and cannot
move as this allows Bc5+.} Rd8 (18... Nb8 {Ribli} 19. Bb7 $16 (19. Bc5+ {Belov}
Kf7 20. Bb7 a6 21. Nc7 $18)) 19. Bb7 Rxd1+ (19... Nb8 {Ribli} 20. Bc5+ Ke8 21.
Nc7+ $18) 20. Kxd1 Nb8 (20... Nb4 {Belov} 21. Bc5+ $18) 21. Bf4 $1 (21. Nxa7
Nxa7 22. Bxa7 Nd7 23. c5 f5 24. c6 Bd5 25. b4 Ne5 26. b5 fxg4 27. hxg4 Nxg4 28.
Ba6 Be5 29. Bb6 $18) 21... a6 22. Nd4 Nd6 23. Bf3 $18 {And Black cannot avert
the loss of a piece and with it the game.} Bc8 (23... Nd7 24. Nc6+ $18 (24.
Nc6+ {Belov} Kf7 25. Bxd6 $18)) 24. c5 Nb7 25. b4 $1 {Not even giving Black a
pawn in return for the piece.} (25. Bxb8 $18 {Ribli} Nxc5 {Belov} 26. Kd2 $18)
25... f5 (25... Nd7 {Ribli} 26. c6 $18) 26. e3 fxg4 27. hxg4 a5 (27... Nd7 {
Belov} 28. c6 $18) 28. Bxb8 axb4 29. Nc6+ Kd7 30. Be5 Bf8 (30... Bxe5 {Belov}
31. Nxe5+ Kc7 32. Nd3 $18) 31. Nxb4 Nxc5 32. Bc6+ Kd8 (32... Ke6 {Belov} 33. f4
) 33. g5 Be6 34. Bd5 Kd7 35. Bc6+ Kc8 36. Bd5 Kd7 37. f4 Bxd5 38. Nxd5 Ke6 39.
Nf6 h5 (39... h6 {Belov} 40. Nh7 Be7 41. gxh6 $18) 40. Ke2 Kf5 41. Kf3 Nd3 42.
Bc3 Ba3 43. Nd7 Ke6 44. Ne5 Nxe5+ 45. Bxe5 Kf5 46. e4+ Ke6 47. Bd4 Kf7 48. f5
Bc1 49. a4 h4 (49... Bxg5 {Belov} 50. a5 Bd8 51. a6 $18) 50. a5 1-0